00674 2200241 4500001002100000005001700021008004100038020001800079035002400097082001100121090002300132100002300155245006700178260002700245300003000272500003100302650003700333850001200370980001100382985000600393986001000399999002300409YOGYA-0209000005717920090227034154.0 ind  a979-731-739-0 0010-020900000057179 a006.68 a006.68bYud TlDEP aYUDHIANTORO, Dhani aTeknik profesional menggunakan coreldraw 12cDhani Yudhiantoro aYogyakartabAndic2005 axvi, 528 hlmbilusc23 cm aBibliografi : hlm. 527-528 aCorel Draw 12 (Program Komputer) aYOPDYOG a210705 a1 artrev a2005-196 h CB-D.11